| 000 | 00405nam a2200157Ia 4500 | ||
|---|---|---|---|
| 008 | 240624s9999 xx 000 0 und d | ||
| 041 | _aeng | ||
| 082 | _a413 RUT | ||
| 100 | _aRUTHERFORD DONALD | ||
| 245 | _aBIOGRAPHICAL DICTIONARY OF BRITISH ECONO | ||
| 250 | _a(England ed.) | ||
| 260 |
_c2004 _aEngland _bThoemmes Continuum |
||
| 300 | _axxv, : 621 : p. : cm. ; 23 | ||
| 365 |
_c _b25 |
||
| 440 | _v1 | ||
| 999 |
_c23447 _d23447 |
||